| 000 | 00963nam a22002417a 4500 | ||
|---|---|---|---|
| 005 | 2008062301111.0 | ||
| 010 | _aENG-90390 | ||
| 020 |
_c250.00 _a8180940330 |
||
| 035 | _aEN-73923 | ||
| 035 | _aG-001288 | ||
| 037 | _bDBAD / PUB | ||
| 082 | _a548 | ||
| 100 |
_aVelmurugan, D. _934417 |
||
| 245 |
_aElementary crystallography / _cby D. Velmurugan |
||
| 260 |
_aChennai _bMJP Publishers _c2008 |
||
| 260 |
_a _b |
||
| 270 |
_a47, Nallathambi Street Triplicane, _bChennai _e600005 |
||
| 300 |
_axvii, 305p.: _c23 cm (pbk) _bill. |
||
| 500 | _aIncludes glossary, references and index | ||
| 942 |
_cEN _h548 _2ddc _mVEL |
||
| 999 |
_c13900 _d13900 |
||